000 00718nam a2200229 a 4500
999 _c11880
_d11880
001 11880
003 BD-JhCC
005 20201123121214.0
008 201123s2007 bg a|||| ||a| 000 0 ben d
020 _a9844126479
035 _a(BD-JhCC)11880
040 _aBD-JhCC
_dBD-JhCC
041 _aben
082 _a891.3
_bKAM 2007
100 _aকামাল, মোস্তফা
245 _aসায়েন্স ফিকশন:
_bক্লোন নাম্বার টেন /
_cমোস্তফা কামাল ।
260 _aঢাকা:
_bঅনন্যা;
_c২০০৭.
300 _a।61 p. :
_c22 cm.
650 _aBengali Science Fiction
942 _2ddc
_cBK
_02